[Event "Quebec Montcalm op 4th"]
[Site "Quebec"]
[Date "2005.01.27"]
[Round "3"]
[White "Lapierre, Gaetan"]
[Black "Pichette, Francois"]
[Result "1-0"]
[WhiteElo "1874"]
[BlackElo "1767"]
[PlyCount "101"]
[EventDate "2005.01.13"]
[EventType "swiss"]
[EventRounds "5"]
[EventCountry "CAN"]
[SourceTitle "EXT 2006"]
[Source "ChessBase"]
[SourceDate "2005.11.24"]
[SourceVersion "1"]
[SourceVersionDate "2005.11.24"]
[SourceQuality "1"]

1. Nf3 c6 2. g3 d5 3. Bg2 Nf6 4. 0-0 Nbd7 5. d4 g6 6. Nbd2 Bg7 7. c4 0-0 8. h3 Qb6 9. e3 e5 10. dxe5 Ne8 11. cxd5 cxd5 12. Nb3 Nxe5 13. Nxe5 Bxe5 14. Qxd5 Bg7 15. Qe5 Qd6 16. Qxd6 Nxd6 17. Nd4 Rd8 18. Rd1 Nf5 19. Bd2 Nxd4 20. exd4 Rxd4 21. Bc3 Rxd1+ 22. Rxd1 Be6 23. Bxg7 Kxg7 24. b3 Rc8 25. Rd2 b6 26. f4 h5 27. Kf2 Bf5 28. h4 Rc7 29. Bf1 Rc2 30. Rxc2 Bxc2 31. Ke3 Kf6 32. Kd4 Kf5 33. Bh3+ Kf6 34. Kd5 Bf5 35. Bg2 Bd7 36. Kd6 Bb5 37. Be4 Be2 38. Kc7 b5 39. b4 Ke6 40. Kb7 Bc4 41. a3 Kd6 42. Kxa7 Bb3 43. Kb6 Bd5 44. Bxd5 Kxd5 45. Kxb5 Ke4 46. a4 Kf3 47. a5 Kxg3 48. a6 Kxf4 49. a7 g5 50. hxg5 h4 51. a8Q 1-0